மலேரியாவும் அதனைத் தடுத்தலும்
Malēriyāvum ataṉait taṭuttalum
Saved in:
| Main Author: | |
|---|---|
| Other Authors: | , , , , |
| Format: | Book |
| Language: | Sinhalese |
| Published: |
கொழும்பு :
கருனாரத்ன அன் சன்ஸ்,
1994.
|
| Tags: |
Add Tag
No Tags, Be the first to tag this record!
|
MARC
| LEADER | 00000nam a2200000 4500 | ||
|---|---|---|---|
| 003 | LK-CoNLD | ||
| 005 | 20220203130943.0 | ||
| 008 | 220203b |||||||| |||| 00| 0 sin d | ||
| 015 | |2 slnb | ||
| 017 | |b LK-CoDNA | ||
| 020 | |a 955260026X | ||
| 040 | |a LK-CoNLD |b TAM |c LK-CoNLD |d LK-CoNLD | ||
| 082 | |2 23 |q LK-CoNLD | ||
| 100 | |9 65796 |a இராமசுவாமி, இரஞ்ஜன் | ||
| 245 | |6 880-1 |a மலேரியாவும் அதனைத் தடுத்தலும் |c / இரஞ்சன் இராசுவாமி, மந்திரி எஸ். இராமசுவாமி, அனுலா விஜேசுந்தர, அஜத்த விஜேசுந்தர ; குமுதினி ஸ்ரீ கிருஷ்ணராஜ் சக கோசலா நாகேந்திரன். | ||
| 260 | |9 65795 |a கொழும்பு : |b கருனாரத்ன அன் சன்ஸ், |c 1994. | ||
| 300 | |a ப. vi, 31 ; |c செமீ. 21. |b கஇ-மஉ: விலைதரப்படவில்லை | ||
| 700 | |9 65797 |a இராமசுவாமி, எஸ். மந்திரி |e ஆசிரியர் | ||
| 700 | |9 65798 |a விஜயசுந்தர, அனுலா |e ஆசிரியர் | ||
| 700 | |9 65799 |a விஜயசுந்தர அஜித்த |e ஆசிரியர் | ||
| 700 | |9 65800 |a கிரிஷ்ணராஜ் ஸ்ரீ குமுதினி |e தமிழாக்கம் | ||
| 700 | |9 65801 |a நாகேந்திரன், கோசலா |e தமிழாக்கம் | ||
| 880 | |6 245-1 |a Malēriyāvum ataṉait taṭuttalum | ||
| 942 | |c BOOK | ||
| 999 | |c 250667 |d 250667 | ||